Top 160 NFL players 2020-2026 - Statistics

General Stats
  • This quiz has been taken 4 times
  • The average score is 53 of 160
Answer Stats
Hint Answer % Correct
RB Aaron Jones
100%
WR A.J. Brown
100%
WR Amon-Ra St. Brown
100%
DT Chris Jones
100%
DT Derrick Brown
100%
WR Devonta Smith
100%
QB Josh Allen
100%
EDGE Josh Hines-Allen
100%
QB Lamar Jackson
100%
QB Matthew Stafford
100%
QB Patrick Mahomes
100%
LB Roquon Smith
100%
QB Tom Brady
100%
OG Tyler Smith
100%
DT Aaron Donald
67%
QB Aaron Rodgers
67%
OT Andrew Thomas
67%
RB Bijan Robinson
67%
QB Brock Purdy
67%
CB Charvarius Ward
67%
RB Christian McCaffrey
67%
WR Davante Adams
67%
CB Denzel Ward
67%
RB Derrick Henry
67%
S Derwin James Jr.
67%
WR DK Metcalf
67%
LB Fred Warner
67%
TE George Kittle
67%
QB Jalen Hurts
67%
WR Ja'Marr Chase
67%
QB Jared Goff
67%
C Jason Kelce
67%
WR Jaylen Waddle
67%
CB Jaylon Johnson
67%
RB Joe Mixon
67%
RB Jonathan Taylor
67%
QB Justin Herbert
67%
WR Justin Jefferson
67%
WR Keenan Allen
67%
RB Kenneth Walker III
67%
RB Kyren Williams
67%
OT Lane Johnson
67%
WR Mike Evans
67%
WR Puka Nacua
67%
DT Quinnen Williams
67%
RB Saquon Barkley
67%
WR Stefon Diggs
67%
TE Travis Kelce
67%
OT Trent Williams
67%
EDGE Aiden Hutchinson
33%
RB Alvin Kamara
33%
WR Amari Cooper
33%
RB Austin Ekeler
33%
LB Bobby Wagner
33%
K Brandon Aubrey
33%
WR CeeDee Lamb
33%
WR Chris Godwin
33%
WR Cooper Kupp
33%
C Creed Humphrey
33%
EDGE Danielle Hunter
33%
WR DeAndre Hopkins
33%
WR Deebo Samuel
33%
DT Dexter Lawrence
33%
WR D.J. Moore
33%
WR Drake London
33%
LB Dre Greenlaw
33%
WR Garrett Wilson
33%
WR George Pickens
33%
RB Jahmyr Gibbs
33%
CB Jaire Alexander
33%
CB Jalen Ramsey
33%
QB Joe Burrow
33%
QB Jordan Love
33%
RB Josh Jacobs
33%
K Justin Tucker
33%
EDGE Khalil Mack
33%
QB Kirk Cousins
33%
QB Kyler Murray
33%
TE Mark Andrews
33%
EDGE Micah Parsons
33%
EDGE Myles Garrett
33%
EDGE Nick Bosa
33%
CB Patrick Surtain II
33%
TE Sam Laporta
33%
WR Tee Higgins
33%
WR Terry Mclaurin
33%
EDGE T.J. Watt
33%
CB Tre'Davious White
33%
QB Trevor Lawrence
33%
TE Trey Mcbride
33%
OT Tristan Wirfs
33%
WR Tyreek Hill
33%
EDGE Von Miller
33%
CB Xavien Howard
33%
WR Zay Flowers
33%
CB A.J. Terrell
0%
S Antoine Winfield Jr.
0%
WR Brandon Aiyuk
0%
RB Breece Hall
0%
EDGE Brian Burns
0%
S Budda Baker
0%
DE Cam Jordan
0%
OG Chris Lindstrom
0%
WR Chris Olave
0%
OT Christian Darrisaw
0%
DT Christian Wilkins
0%
LB C.J. Mosley
0%
C Corey Linsley
0%
TE Dallas Goedert
0%
RB Dalvin Cook
0%
CB DaRon Bland
0%
OT David Bakhtiari
0%
RB David Montgomery
0%
TE David Njoku
0%
LB Demario davis
0%
CB Devon Witherspoon
0%
LB Dont'a Hightower
0%
TE Evan Engram
0%
LB Foyesade Oluokun
0%
C Frank Ragnow
0%
RB Isaiah Pacheco
0%
RB James Cook
0%
DT Jeffrey Simmons
0%
S Jessie Bates III
0%
OG Joel Bitonio
0%
OG Joe Thuney
0%
S Jordan Poyer
0%
DT Justin Madubuike
0%
S Justin Simmons
0%
S Kevin Byard
0%
S Kyle Hamilton
0%
TE Kyle Pitts
0%
OT Laremy Tunsil
0%
LB Lavonte David
0%
CB L'Jarious Sneed
0%
WR Malik Nabers
0%
EDGE Matthew Judon
0%
LB Matt Milano
0%
EDGE Maxx Crosby
0%
WR Michael Pittman Jr.
0%
S Minkah Fitzpatrick
0%
RB Nick Chubb
0%
WR Nico Collins
0%
LB Patrick Queen
0%
OT Penei Sewell
0%
OG Quentin Nelson
0%
OT Rashawn Slater
0%
TE Rob Gronkowski
0%
CB Sauce Gardner
0%
CB Stephon Gilmore
0%
TE T.J. Hockenson
0%
RB Tony Pollard
0%
RB Travis Etienne Jr.
0%
LB Tremaine Edmunds
0%
CB Trent Mcduffie
0%
EDGE Trey Hendrickson
0%
S Tryann Mathieu
0%
C Tyler Linderbaum
0%
OG Zack Martin
0%
No matching quizzes found
Score Distribution
Percent of People with Each Score
Percentile by Number Answered
Your Score History
You have not taken this quiz